Ideas and Information Managing in a High-Tech World

Saved in:
Bibliographic Details
Main Author: Penzias, Arno
Format: Book
Language:English
Published: New York Norton and Co. 1989
Edition:1. ed.
Subjects:
Tags: Add Tag
No Tags, Be the first to tag this record!

MARC

LEADER 00000nam a2200000 4500
001 c009657
005 20221206131335.9
020 |a 0-393-02649-3 
041 0 |a eng 
044 |a US 
245 1 0 |a Ideas and Information  |b Managing in a High-Tech World  |c Arno Penzias 
250 |a 1. ed. 
264 1 |a New York  |b Norton and Co.  |c 1989 
300 |a 224 s. 
610 2 0 |a počítače 
610 2 0 |a civilizácia 
610 2 0 |a informatizácia 
610 2 0 |a informácie 
610 2 0 |a proces informačný 
100 1 |a Penzias, Arno